Word Ladder: Shakespeare Plays Quiz Stats

 Plays Quiz Updated Jun 18, 2015

Challenge
Share
Tweet
Embed
Score 0/16 Timer 02:00
0 Plays Today
% Correct
LIP
97.6%
KONG
97.2%
DIM
97.2%
LIT
96.8%
LEAD
96.7%
TIM
95.1%
LEND
94.9%
TIP
93.6%
% Correct
DAM
92.6%
LONG
92.3%
LANG
91.3%
LAND
89.5%
•KING•
82.8%
•LEAR•
79.9%
•LET•
59.3%
•HAM•
58.3%

Today's Daily Dose

You're not logged in!

Compare scores with friends on all Sporcle quizzes.
Join for Free
OR
Log In

You Might Also Like...

Show Comments

Extras

Top Quizzes Today


Score Distribution

Your Account Isn't Verified!

In order to create a playlist on Sporcle, you need to verify the email address you used during registration. Go to your Sporcle Settings to finish the process.

Report this User

Report this user for behavior that violates our Community Guidelines.

Details: